Statistiques concernant Dirigeants des pays de la Seconde Guerre mondiale

Cliquez ici pour prendre le quiz!

Statistiques générales

  • Ce quiz a été pris 940 fois
  • Le résultat moyen est 9 sur 12

Statistiques - réponses

PaysFonctionDuréeDirigeant% Correct
AllemagneChancelier du Reich1933-1945Adolf Hitler
100%
Union soviétiqueSecrétaire général du Parti communiste1922-1953Joseph Staline
98%
FranceChef de la France libre1940-1946Charles de Gaulle
94%
Royaume-UniPremier ministre1940-1945Winston Churchill
94%
ItaliePrésident du Conseil des ministres1922-1943Benito Mussolini
91%
FranceChef de l'Etat1940-1944Philippe Pétain
89%
Etats-UnisPrésident1933-1945Franklin Delano Roosevelt
87%
Etats-UnisPrésident1945-1953Harry Truman
73%
JaponEmpereur1926-1989Hirohito
70%
Royaume-UniRoi1936-1952George VI
45%
BelgiqueRoi1934-1951Léopold III
43%
ItalieRoi1900-1946Victor-Emmanuel III
31%

Distribution des résultats

Percentile par nombre de réponses

% des personnes avec chaque résultat

Votre développement - résultats

Vous n’avez pas pris ce quiz